| 000 | 00671nam a2200181 4500 | ||
|---|---|---|---|
| 001 | 111393 | ||
| 003 | ES-MaACL | ||
| 005 | 20230906185308.0 | ||
| 007 | t| | ||
| 008 | 061121s1978 sp r ||||1| spa d | ||
| 100 | 1 |
_aOlivares Vaquero, María Dolores. _986776 |
|
| 245 | 1 | 3 |
_aLa subordinación relativa y completiva en el teatro clásico francés / _cMaría Dolores Olivares Vaquero. |
| 260 |
_aSantiago de Compostela : _bSecretariado de Publicaciones, Universidad, _c1978. |
||
| 300 |
_a759 p. ; _c21 cm. |
||
| 502 | _aTesis universitarias de santiago de compostela. | ||
| 710 | 2 |
_aUniversidad de Santiago de Compostela. _97294 |
|
| 852 |
_aES-MaACL _jL-739 _bR.100691 |
||
| 999 |
_c111393 _d111393 |
||